01419nam a2200313 a 450000100100000000500170001000800410002702000180006804000250008608200200011110000310013124501380016226000550030030000400035549000240039549000930041950400260051259000260053865000600056465000620062465000360068665000480072270000300077083000310080083001020083191000370093395201180097099900170108800004233120201002040102.0131125s2013 dr ad 000 0 spa d a9789945885668 aDO-SdBNPbspacBNPHU a368.7071bO96do1 aOviedo, Rosa Divina96938513aDon ciclón y sus amigos :buna experiencia de autocuidado y protección ante los riesgos /cRosa Divina Oviedo, Larissa Pelletier. aSanto Domingo :bMinisterio de Educación,c2013. a[49] p. :bil., gráfcs. ;c28 cm.1 aManuales Educativos1 aManual Metodológico para trabajar la Gestión del Riesgo en el aula. Nivel inicialv2 aBibliografía: p. 36 aInventariado, 2018/LP 4aPrevención de desastres naturalesxEnseñanza969386 4aEscuelasxAdministración de riesgosxEnseñanza969387 4aEducación en seguridad969388 4aPrevención de accidentes escolares9693891 aPelletier, Larissa969396 0aManuales Educativos969392 0aManual Metodológico para trabajar la Gestión del Riesgo en el aula. Nivel inicial ;n2969397 aValidado. Control de calidad EMS 0010718PDaPDbPDcHDd2013-11-25iLF1l0o368.7071 O96dop42331-10r2020-06-25w2020-06-25yLFPDZNo se presta c41820d41820